000 01186nam a2200325 c 4500
999 _c422458
_d422458
003 BLK
005 20210701093412.0
008 180410b bul|||||r ||||||| ||bul||
040 _aBLK
041 _aFRE
_cFRE
080 _aФренска литература
_b821.133.1
_x-93-31
_z821.133.1-93-31
100 1 _aVerne, Jules
_eпърви автор
_927267
139 _aVerne, Jules
245 1 0 _aUn capitaine de quinze ans
_bP. 1 -
_cJules Verne; ill. H. Meyer
_nP. 1
257 _aFRA
260 _bJ. Hetzel & Cie
_c1881
_9417975
_aParis
300 _a304 с.
_bill.
_c18 см
380 _aDX
490 _9435080
_aКолекция Редки и ценни издания
852 _aРф 881
_bРц
856 4 _qpdf
856 4 _qpdf
942 _cKNG
_n0
_s1
944 _aCR
_kНР